| 000 | 00782nam a2200217 a 4500 | ||
|---|---|---|---|
| 001 | 000144358 | ||
| 003 | AM-YEHGA | ||
| 005 | 20250617122952.0 | ||
| 008 | 991007s1980 gs ||||gr|||||||||0|rus|d | ||
| 040 | _aAM-YeHGA | ||
| 041 | 0 | _arus | |
| 100 | 1 | _aШатилова, И.И. | |
| 245 | 1 | 0 |
_aПалинологические комплексы Чаудинских отложений Западной Грузии и их стратиграфическое значение / _cИ.И. Шатилова, Н.Ш. Мчедлишвили. |
| 260 |
_aТбилиси : _bМецниереба, _c1980. |
||
| 300 | _a97 с. | ||
| 650 | 1 | 4 | _aПалинология |
| 650 | 1 | 4 | _aСтратиграфия |
| 700 | 1 | _aМчедлишвили, Н.Ш. | |
| 942 |
_2udc _cBK |
||
| 090 | _c49463 | ||
| 999 |
_c48702 _d48702 |
||